| 000 | 00659cab a2200193 4500 | ||
|---|---|---|---|
| 001 | WB2937-32 | ||
| 008 | 090401t1993 xxu||||| |||| 00| 0 eng d | ||
| 035 | _a(Sirsi) u42642 | ||
| 041 | _aeng | ||
| 245 | _aMortgage fraud & agent liability | ||
| 260 | _c1993 | ||
| 350 | _a0 | ||
| 490 |
_aEstates Gazette _v(9339) 2 October 1993, 124(1) |
||
| 520 | _aTwo cases, "Alliance & Leicester v Edgestop" and "Berkowitz v MW (St Johns Wood) Ltd", illustrate differences in the criminal and civil treatment of mortgage frauds. | ||
| 650 | _aMORTGAGE FRAUD | ||
| 690 | _aMANAGEMENT-BUSINESS MANAGEMENT-PROFESSIONAL PRACTICE | ||
| 942 | _n0 | ||
| 948 | _c04/03/1997 | ||
| 999 |
_c27291 _d27291 |
||